Noticia histórica del cementerio católico de la ciudad de Mahón / (Record no. 115961)

MARC details
000 -LEADER
campo de control de longitud fija 00764nam a2200205 i 4500
001 - NÚMERO DE CONTROL
campo de control 115961
003 - IDENTIFICADOR DE NÚMERO DE CONTROL
campo de control ES-MaACL
005 - FECHA Y HORA DE LA ÚLTIMA TRANSACCIÓN
campo de control 20230906190613.0
007 - CAMPO FIJO DE DESCRIPCIÓN FÍSICA--INFORMACIÓN GENERAL
campo de control de longitud fija t|
008 - DATOS DE LONGITUD FIJA--INFORMACIÓN GENERAL
campo de control de longitud fija 061121s1914 sp |||| | spa d
100 1# - ENTRADA PRINCIPAL--NOMBRE DE PERSONA
Nombre de persona Panedas y Mesquida, Narciso.
9 (RLIN) 88764
245 10 - MENCIÓN DEL TÍTULO
Título Noticia histórica del cementerio católico de la ciudad de Mahón /
Mención de responsabilidad, etc. Narciso Panedas y Mesquida.
260 ## - PUBLICACIÓN, DISTRIBUCIÓN, ETC.
Lugar de publicación, distribución, etc. Mahón :
Nombre del editor, distribuidor, etc. [s.n.],
Fecha de publicación, distribución, etc. 1914 (
Fabricante Est. Tip. de M. Sintes Rotger)
300 ## - DESCRIPCIÓN FÍSICA
Extensión 7 p. ;
Dimensiones 21 cm.
530 ## - NOTA DISPONIBLE DE FORMULARIO FÍSICO ADICIONAL
Nota de formato físico adicional disponible Disponible en formato digital.
650 #4 - PUNTO DE ACCESO ADICIONAL DE MATERIA--TÉRMINO DE MATERIA
Término de materia o nombre geográfico como elemento de entrada Cementerios-
Subdivisión geográfica España.
9 (RLIN) 135747
651 #4 - PUNTO DE ACCESO ADICIONAL DE MATERIA--NOMBRE GEOGRÁFICO
Nombre geográfico Mahón-
Subdivisión general Historia.
9 (RLIN) 157685
852 ## - LOCALIZACIÓN
Ubicación ES-MaACL
Número de control de estantería T-1427-F-13
856 ## - LOCALIZACIÓN Y ACCESO ELECTRÓNICOS
Identificador Uniforme de Recursos <a href="http://bvpb.mcu.es/es/consulta/registro.cmd?id=488228 ">http://bvpb.mcu.es/es/consulta/registro.cmd?id=488228 </a>
Nota pública Biblioteca Virtual del Patrimonio Bibliográfico
Holdings
Estatus retirado Estado de pérdida Estado de daño No para préstamo Colección Biblioteca de origen Biblioteca actual Ubicación en estantería Fecha de adquisición Fuente de adquisición Total de préstamos Signatura topográfica completa Código de barras Visto por última vez Precio de reemplazo Tipo de ítem Koha
        Colección de folletos Biblioteca del Ateneo de Madrid Biblioteca del Ateneo de Madrid Depósito folletos 17/01/2008     T-1427-F-13 1120925 23/02/2023 23/02/2023 Folleto